00376nam a22001217a 4500020001800000082001700018245009900035260003000134300001500164650002700179700002800206700002000234 a9780367200459 aC41x54 N153d aDiscourse on rights in India:bdebates and dilemmascedited by Bijayalaxmi Nanda and Nupur Ray aNew YorkbRoutledgec2019 axix, 413p. aHuman rights -- India. aNanda, Bijayalaxmi, ed. aRay, Nupur, ed.